Foreign investment and technology transfer. A simple model.

Model medzinárodného transferu technológie prostredníctvom priamych zahraničných investícií vyplývajúci zo strategickej interakcie medzi filiálkami multinacionálnych spoločností a materskými podnikmi. Dva typy nákladov na transfer technológie - náklady na samotný transfer technológie do filiálok a n...

Ausführliche Beschreibung

Gespeichert in:
Bibliographische Detailangaben
1. Verfasser: Wang, Y.
Weitere Verfasser: Blomström, M.
Format: Buchkapitel
Sprache:Englisch
Schlagworte:
Tags: Tag hinzufügen
Keine Tags, Fügen Sie das erste Tag hinzu!

MARC

LEADER 00000naa a2200000 4500
001 r008555
005 20221130112801.2
041 0 |a eng 
044 |a NL 
245 1 0 |a Foreign investment and technology transfer.  |b A simple model.  |c Y. Wang, M. Blomström 
520 |a Model medzinárodného transferu technológie prostredníctvom priamych zahraničných investícií vyplývajúci zo strategickej interakcie medzi filiálkami multinacionálnych spoločností a materskými podnikmi. Dva typy nákladov na transfer technológie - náklady na samotný transfer technológie do filiálok a náklady na osvojenie novej technológie pre jej optimálny transfer do filiálok. 
610 2 0 |a transfer technológie 
610 2 0 |a investície zahraničné 
610 2 0 |a modely ekonomicko-matematické 
610 2 0 |a náklady 
610 2 0 |a technológie nové 
610 2 0 |a spoločnosti nadnárodné 
610 2 0 |a filiálky 
610 2 0 |a inovácia 
100 1 |a Wang, Y. 
700 1 |a Blomström, M.